Efektivita LMS Moodle vzhľadom na predmet výučby diplomová práca

Salvato in:
Dettagli Bibliografici
Autore principale: Dokupil, Michal
Ente Autore: Fakulta hospodárskej informatiky EU. Katedra aplikovanej informatiky
Altri autori: Trochanová, Hana
Natura: Libro
Lingua:slovacco
Pubblicazione: Bratislava 2011
Tags: Aggiungi Tag
Nessun Tag, puoi essere il primo ad aggiungerne!!

MARC

LEADER 00000nbm a2200000 4500
001 0132324
005 20161109101807.2
041 0 |a slo 
044 |a SK 
245 1 0 |a Efektivita LMS Moodle vzhľadom na predmet výučby  |b diplomová práca  |c Michal Dokupil ; školiteľ: Hana Trochanová 
264 1 |a Bratislava  |c 2011 
300 |a 57 s. 
100 1 |a Dokupil, Michal 
700 1 |a Trochanová, Hana 
710 2 |a Fakulta hospodárskej informatiky EU. Katedra aplikovanej informatiky